000 00424nam a22001697a 4500
005 20260127164239.0
008 160428b xxu||||| |||| 00| 0 eng d
020 _a81-8501561-9
041 _aeng
082 _b005.45
100 _aAho, Alfred V.
_9186
245 _aPrinciples of Compilen Design
260 _aNew Delhi
_bNarosa Publishing House,
_c2002
300 _a612
650 _aInformation Technology
942 _cBK
999 _c197
_d197